Historyczne błędy - Statystyki

Ogólne statystyki
  • Ten quiz został rozwiązany 6 razy
  • Średni wynik to 5 z 20
Statystyki odpowiedzi
Błąd Rok Odpowiedź % Poprawnych
Japonia przeprowadza podstępny atak na tę bazę morską 1941 Pearl Harbor
100%
Stany Zjednoczone uwikłały się w ten konflikt 1965–1973 Wojna wietnamska
60%
Niemcy rozpoczynają operację Barbarossa, inwazję na te państwo 1941 Związek Radziecki
60%
Związek Radziecki dokonuje inwazji na to państwo 1979 Afganistan
40%
Elektrownia jądrowa uległa awarii z powodu nieudanego testu bezpieczeństwa 1986 Czarnobyl
40%
Ta wojna zaczyna się, gdy kierowca Franciszka Ferdynanda źle skręca 1914 I wojna światowa
40%
Ten przywódca wojskowy decyduje się na inwazję na Rosję 1812 Napoleon
40%
Mieszkańcy tego miasta pozwalają na posiadanie pustego greckiego konia w swoich murach ? Troja
40%
Rosja sprzedaje to terytorium Stanom Zjednoczonym za jedyne 2 centy za akr 1867 Alaska
20%
Generał Pickett prowadzi armię Konfederatów do samobójczego ataku w tej bitwie 1863 Gettysburg
20%
CIA psuje inwazję w Zatoce Świń w tym państwie 1961 Kuba
20%
Ta szarża kawalerii w bitwie pod Bałakławą kończy się dużymi stratami 1854 Szarża lekkiej brygady
20%
Ta flota zostaje wysłana, aby zaatakować Anglię, ale traci wiele statków, nawet nie próbując wylądować 1588 Armada hiszpańska
0%
Ten wahadłowiec kosmiczny eksploduje z powodu wadliwych pierścieni uszczelniających 1986 Challenger
0%
Mocarstwa europejskie próbują udobruchać Hitlera, pozwalając Niemcom na aneksję części tego kraju 1938 Czechosłowacja
0%
Aztecki cesarz Moctezuma pozwala konkwistadorowi wejść do swojej stolicy 1520 Hernán Cortés
0%
Wojska alianckie próbują zdobyć półwysep Gallipoli w tym państwie 1915 Imperium Osmańskie
0%
Blockbuster odrzuca możliwość zakupu tej młodej usługi wideo za 50 milionów dolarów 2000 Netflix
0%
Kapitan tego statku ignoruje ostrzeżenia o górach lodowych 1912 RMS Titanic
0%
Funkcjonariusze polityczni administracji Nixona włamują się do siedziby Partii Demokratycznej w tym kompleksie biurowym 1972 Watergate Hotel
0%
Nie znaleziono quizów pasujących do podanych kryteriów
Rozkład punktacji
Procent ludzi z każdym wynikiem
Percentyl według liczby udzielonych odpowiedzi
Twoja historia wyników
Nie rozwiązałeś tego quizu